Statistics for World Currencies on a Map

Click here to take the quiz!

General Stats

  • This quiz has been taken 3,843 times
  • The average score is 136 of 196

Answers on the Map

Answers color-coded by a green-red scale on the quiz's map according to % correct below.
Loading ...
 

Answer Stats

Country% Correct
(no official currency)
100%
(none official)
100%
Dollar
98%
Euro
97%
Pound
94%
Peso
92%
Yen
91%
Rouble
86%
Rupee
85%
Franc
83%
Franc
79%
Yuan
77%
Krone
77%
Krona
73%
Lira
73%
Dinar
73%
Real
66%
Won
62%
Złoty
62%
Rand
60%
Baht
59%
Shilling
56%
Rial
54%
Bolívar
53%
Shilling
51%
Dong
50%
Rupiah
49%
Mark
48%
Dirham
48%
Koruna
48%
Lev
48%
Riyal
48%
Shekel
46%
Forint
46%
Leu
46%
Sol
43%
Lek
42%
Ringgit
41%
Denar
40%
Afghani
40%
Kuna
38%
Boliviano
37%
Quetzal
37%
Som
36%
Escudo
35%
Colón
35%
Hryvnia
34%
Guaraní
33%
Manat
32%
Taka
30%
Kip
30%
Kwacha
30%
Riel
30%
Kwanza
30%
Naira
29%
Dram
29%
Tenge
29%
Tögrög
29%
Birr
29%
Balboa
28%
Lari
28%
Pula
27%
Lempira
27%
Kyat
27%
Córdoba
27%
Gourde
27%
Cedi
26%
Somoni
26%
Leone
26%
Ngultrum
25%
Ariary
25%
Metical
25%
Vatu
24%
Kina
24%
Tālā
23%
Nakfa
23%
Ouguiya
22%
Loti
22%
Rufiyaa
21%
Dobra
20%
Paʻanga
19%
Lilangeni
19%
Dalasi
19%

Score Distribution

Percentile by Number Answered

Percent of People with Each Score

Your Score History

You have not taken this quiz